000 00304nam a22001217a 4500
008 170322b xxu||||| |||| 00| 0 eng d
041 _aeng
080 _a616.12-008-073
100 _a7
101 _aSHM
245 _aPATHOPHYSIOLOGY AND TECHNIQUES OF CARDIOPULMONARY BYPASS
_cUTLEY, J.R
942 _2udc
_cBK
999 _c8315
_d8315